| 000 | 00621cam a2200193 a 4500 | ||
|---|---|---|---|
| 020 | _a0471076813 (cloth : alk. paper) | ||
| 082 | 0 | 0 |
_a621.4021 _bMOR _cL-N, P-27 |
| 100 | 1 |
_aMoran, Michael J. _941729 |
|
| 245 | 1 | 0 |
_aFundamentals of engineering thermodynamics / _cMichael J. Moran, Howard N. Shapiro. |
| 250 | _a3rd ed. | ||
| 260 |
_aNew York : _bWiley, _cc1995. |
||
| 300 |
_axiv, 859 p. : _bill. (some col.) ; _c26 cm. |
||
| 500 | _aIncludes index. | ||
| 526 |
_a0 _b0 _c0 _d621_402100000000000_MOR |
||
| 650 | 0 |
_aMCE _9379 |
|
| 650 | 0 |
_aThermodynamics. _97134 |
|
| 700 | 1 |
_aShapiro, Howard N. _941730 |
|
| 942 |
_2ddc _cBK |
||
| 999 |
_c545774 _d545774 |
||